Príprava veľtrhu
Usporiadanie vlastnej výstavy vo vlastných alebo prenajatých priestoroch neumožňuje porovnať sa s inými vystavovateľmi. Chýba rozmanitosť vystavovateľov. Vhodnosť termínu výstavy. Príprava výstavného stánku. Globálna prezentácia podniku. V SRN sa ročne koná asi 600 výstav a veľtrhov regionálneho ale...
Gespeichert in:
| 1. Verfasser: | |
|---|---|
| Format: | Buchkapitel |
| Sprache: | Slowakisch |
| Schlagworte: | |
| Tags: |
Keine Tags, Fügen Sie das erste Tag hinzu!
|
MARC
| LEADER | 00000naa a2200000 4500 | ||
|---|---|---|---|
| 001 | r026086 | ||
| 005 | 20230522135602.0 | ||
| 041 | 0 | |a slo | |
| 044 | |a SK | ||
| 245 | 1 | 0 | |a Príprava veľtrhu |c R. Leicher |
| 520 | |a Usporiadanie vlastnej výstavy vo vlastných alebo prenajatých priestoroch neumožňuje porovnať sa s inými vystavovateľmi. Chýba rozmanitosť vystavovateľov. Vhodnosť termínu výstavy. Príprava výstavného stánku. Globálna prezentácia podniku. V SRN sa ročne koná asi 600 výstav a veľtrhov regionálneho alebo nadregionálneho významu. | ||
| 610 | 2 | 0 | |a veľtrhy |
| 610 | 2 | 0 | |a výstavy |
| 610 | 2 | 0 | |a Nemecko |
| 610 | 2 | 0 | |a imidž |
| 610 | 2 | 0 | |a podnikatelia |
| 610 | 2 | 0 | |a náklady |
| 610 | 2 | 0 | |a konkurencia |
| 610 | 2 | 0 | |a propagácia |
| 610 | 2 | 0 | |a kontroling |
| 610 | 2 | 0 | |a zákazníci |
| 100 | 1 | |a Leicher, R. | |